Физика. Механика: учебник

Manylion Llyfryddiaeth
Prif Awdur: Тюрин Ю. И. Юрий Иванович
Awduron Eraill: Чернов И. П. Иван Петрович, Крючков Ю. Ю. Юрий Юрьевич
Crynodeb:Первая часть курса лекций по физике для студентов технических университетов, читаемого авторами в течение многих лет студентам Томского политехнического университета, включает классическую и релятивистскую механику. Основное внимание уделено раскрытию физического смысла основных законов и выработке у студентов практических навыков их использования при решении профессиональных задач. Учебник содержит многочисленные примеры, упражнения и задачи.
Iaith:Rwseg
Cyhoeddwyd: Москва, Высшая школа, 2006
Pynciau:
Fformat: Llyfr
KOHA link:https://koha.lib.tpu.ru/cgi-bin/koha/opac-detail.pl?biblionumber=676640

MARC

LEADER 00000nam0a2200000 4500
001 676640
005 20250917071654.0
010 |a 978-5-06-00-5716-4 
090 |a 676640 
100 |a 20241115d2006 m||y0rusy50 ca 
101 0 |a rus 
102 |a RU 
105 |a a j 000yy 
181 0 |a i   |b  e  
182 0 |a n 
183 0 |a nc  |2 RDAcarrier 
200 1 |a Физика. Механика  |e учебник  |f Ю. И. Тюрин, И. П. Чернов, Ю. Ю. Крючков 
203 |a Текст  |b визуальный  |c непосредственный 
210 |a Москва  |c Высшая школа  |d 2006 
215 |a 290 с.  |c ил. 
283 |a volume  |2 RDAcarrier 
330 |a Первая часть курса лекций по физике для студентов технических университетов, читаемого авторами в течение многих лет студентам Томского политехнического университета, включает классическую и релятивистскую механику. Основное внимание уделено раскрытию физического смысла основных законов и выработке у студентов практических навыков их использования при решении профессиональных задач. Учебник содержит многочисленные примеры, упражнения и задачи. 
451 1 |0 (RuTPU)RU\TPU\book\154587  |y 978-5-8114-0824-5  |t Физика. Механика  |o учебник  |f Ю. И. Тюрин, И. П. Чернов, Ю. Ю. Крючков  |c СПб.  |n Лань  |d 2008  |p 320 с.  |a Тюрин, Юрий Иванович 
606 1 |a Физика  |2 stltpush  |3 (RuTPU)RU\TPU\subj\63709  |9 80688 
606 1 |a Механика  |2 stltpush  |3 (RuTPU)RU\TPU\subj\67812  |9 83462 
610 1 |a кинематика 
610 1 |a классическая динамика 
610 1 |a законы Ньютона 
610 1 |a тяготение 
610 1 |a работа 
610 1 |a мощность 
610 1 |a энергия 
610 1 |a динамика 
610 1 |a вращательное движение 
610 1 |a специальная теория относительности 
610 1 |a учебники 
610 1 |a труды учёных ТПУ 
675 |a 53(075.8)  |v 3 
675 |a 531(075.8)  |v 3 
700 1 |a Тюрин  |b Ю. И.  |c физик  |c профессор Томского политехнического университета, доктор физико-математических наук  |f 1950-  |g Юрий Иванович  |3 (RuTPU)RU\TPU\pers\19873  |9 7810 
701 1 |a Чернов  |b И. П.  |c физик  |c профессор Томского политехнического университета, доктор физико-математических наук  |f 1935-2025  |g Иван Петрович  |x TPU  |y Томск  |3 (RuTPU)RU\TPU\pers\12909  |9 3694 
701 1 |a Крючков  |b Ю. Ю.  |c физик  |c профессор Томского политехнического университета, доктор физико-математических наук  |f 1945-  |g Юрий Юрьевич  |3 (RuTPU)RU\TPU\pers\25821  |9 11694 
801 0 |a RU  |b 63413507  |c 20241115 
942 |c BK